000 00547nam a2200181 i 4500
001 60078
003 ES-MaACL
005 20230906164142.0
007 t|
008 031103s1973 sp ||||1| spa d
245 0 0 _aEspaña en mi recuerdo /
_cselección de Pedro Voltes y H. Sènz Guerrero.
260 _a[Barcelona :
_bNauta,
_c1973]
300 _a270 p. ;
_c19 cm.
700 0 _aVoltes Bou, Pedro,
_d1926-2009
_9115726
700 0 _aSáenz Guerrero, Horacio.
_9101329
852 _aES-MaACL
_jA-8940
_bR.98098
999 _c60078
_d60078